| 000 | 00583nam a22002057a 4500 | ||
|---|---|---|---|
| 003 | OSt | ||
| 005 | 20251211130738.0 | ||
| 008 | 250616b |||||||| |||| 00| 0 eng d | ||
| 020 | _a9781626231757 | ||
| 040 | _cddc | ||
| 082 | _a617.8 Q6 | ||
| 100 | _aKristi Oeding | ||
| 245 |
_aThe Audiogram Workbook _cKristi Oeding; Jennifer Listenberger; Steven Smith |
||
| 250 | _a1st | ||
| 260 |
_aNew Delhi _bThieme _c2016 |
||
| 500 | _aReference | ||
| 650 |
_vAudiology and Speech and Speech Pathology _xAudiology and Speech and Speech Pathology |
||
| 942 |
_cREF _2ddc |
||
| 999 |
_c249389 _d249389 |
||